[Event "IECC O email"]
[Site "IECC email"]
[Date "2003.08.04"]
[Round "?"]
[White "Thetford, Curtis"]
[Black "Burns, Paul"]
[Result "1-0"]
[WhiteElo "1224"]
[BlackElo "1148"]
[PlyCount "65"]
[EventDate "2003.??.??"]
[EventType "tourn (corr)"]
[EventRounds "6"]
[SourceTitle "Corr 2008"]
[Source "ChessBase"]
[SourceDate "2008.06.24"]
[SourceVersion "1"]
[SourceVersionDate "2008.06.24"]
[SourceQuality "1"]

1. d4 d5 2. c4 Nf6 3. Nf3 c6 4. Nc3 dxc4 5. Bg5 g6 6. e3 h6 7. Bxf6 exf6 8. Bxc4 Bd7 9. 0-0 g5 10. Rc1 b5 11. Bd3 b4 12. Ne4 f5 13. Nc5 Qf6 14. Ne5 Qd6 15. Bc4 f6 16. Qh5+ Kd8 17. Nf7+ Kc7 18. Nxd6 Kxd6 19. Qf7 Kc7 20. Qxf6 Rg8 21. Bxg8 Kb6 22. Qxf8 Kc7 23. Qxh6 g4 24. Nxd7 Nxd7 25. Qxc6+ Kd8 26. Qxa8+ Ke7 27. Qxa7 g3 28. fxg3 Ke8 29. Rc7 Ke7 30. Rxd7+ Kf6 31. Qb6+ Kg5 32. Rg7+ Kh5 33. Bf7# 1-0

[Event "IECC M email"]
[Site "IECC email"]
[Date "2003.02.01"]
[Round "?"]
[White "Mugica, Emiliano"]
[Black "Thetford, Curtis"]
[Result "1-0"]
[WhiteElo "1194"]
[BlackElo "1262"]
[PlyCount "63"]
[EventDate "2003.??.??"]
[EventType "tourn (corr)"]
[EventRounds "6"]
[SourceTitle "Corr 2008"]
[Source "ChessBase"]
[SourceDate "2008.06.24"]
[SourceVersion "1"]
[SourceVersionDate "2008.06.24"]
[SourceQuality "1"]

1. e4 e5 2. Nf3 Nf6 3. d4 Nxe4 4. Bd3 d5 5. Nxe5 Nd7 6. Bxe4 dxe4 7. 0-0 Be7 8. Re1 Nxe5 9. dxe5 0-0 10. Bd2 Qd4 11. Nc3 Qxe5 12. Rxe4 Qd6 13. Bf4 Qxd1+ 14. Rxd1 Bc5 15. Bxc7 Bf5 16. Re5 Bxc2 17. Rd2 Rfe8 18. Rxc2 Rxe5 19. Bxe5 Re8 20. Re2 f6 21. Bc7 Rxe2 22. Nxe2 Kf7 23. Bf4 g5 24. Be3 Bxe3 25. fxe3 Ke6 26. Kf2 Ke5 27. Kf3 f5 28. g4 h6 29. Ng3 f4 30. exf4+ Kf6 31. Nh5+ Kg6 32. f5+ 1-0

[Event "IECC TH-T email"]
[Site "IECC email"]
[Date "2001.08.19"]
[Round "?"]
[White "Tosney, Paul"]
[Black "Thetford, Curtis"]
[Result "1-0"]
[WhiteElo "1287"]
[BlackElo "1281"]
[PlyCount "67"]
[EventDate "2001.??.??"]
[EventType "match (corr)"]
[EventRounds "2"]
[SourceTitle "Corr 2008"]
[Source "ChessBase"]
[SourceDate "2008.06.24"]
[SourceVersion "1"]
[SourceVersionDate "2008.06.24"]
[SourceQuality "1"]

1. d4 Nf6 2. c4 g6 3. Nc3 Bg7 4. e4 d6 5. Nf3 0-0 6. Be2 e5 7. 0-0 Na6 8. Re1 c6 9. dxe5 dxe5 10. Qxd8 Rxd8 11. Bg5 h6 12. Bh4 g5 13. Bg3 Nd7 14. Rad1 Nac5 15. Nxe5 Ne6 16. Nxd7 Bxd7 17. Rd3 Nc5 18. Re3 Be6 19. f4 gxf4 20. Bxf4 b5 21. cxb5 cxb5 22. Rg3 Kh7 23. Nxb5 Nxe4 24. Bd3 f5 25. Bxe4 fxe4 26. Nc7 Bxa2 27. Nxa8 Rxa8 28. Rxe4 Bxb2 29. Re7+ Kh8 30. Bxh6 Rd8 31. Bg7+ Bxg7 32. Rgxg7 Rf8 33. Rh7+ Kg8 34. Reg7# 1-0

[Event "IECC M email"]
[Site "IECC email"]
[Date "2001.04.30"]
[Round "?"]
[White "Thetford, Curtis"]
[Black "Nyack, Warren"]
[Result "1-0"]
[WhiteElo "1279"]
[BlackElo "1265"]
[PlyCount "51"]
[EventDate "2001.??.??"]
[EventType "tourn (corr)"]
[EventRounds "6"]
[SourceTitle "Corr 2008"]
[Source "ChessBase"]
[SourceDate "2008.06.24"]
[SourceVersion "1"]
[SourceVersionDate "2008.06.24"]
[SourceQuality "1"]

1. e4 c5 2. Nf3 d6 3. d4 cxd4 4. Nxd4 Nf6 5. Bd3 Nc6 6. Nb3 g6 7. 0-0 e5 8. Nc3 Bg7 9. Bg5 0-0 10. Qd2 Be6 11. Rad1 Rc8 12. Bb5 Qc7 13. Rfe1 Nb4 14. a3 Bxb3 15. cxb3 a6 16. Bc4 b5 17. Be2 Nc6 18. Bxf6 Bxf6 19. Qxd6 Qxd6 20. Rxd6 Bg7 21. a4 Nd4 22. Rxa6 bxa4 23. bxa4 Nc2 24. Rc1 Nb4 25. Rb6 Nc6 26. Nd5 1-0

[Event "IECC CL6-2001.11"]
[Site "IECC email"]
[Date "2001.03.19"]
[Round "?"]
[White "Thetford, Curtis"]
[Black "Colliver, Scott"]
[Result "1-0"]
[WhiteElo "1247"]
[BlackElo "1346"]
[PlyCount "51"]
[EventDate "2001.??.??"]
[EventType "tourn (corr)"]
[EventRounds "4"]
[SourceTitle "Corr 2008"]
[Source "ChessBase"]
[SourceDate "2008.06.24"]
[SourceVersion "1"]
[SourceVersionDate "2008.06.24"]
[SourceQuality "1"]

1. d4 d5 2. Nf3 Nf6 3. c4 c6 4. e3 e6 5. Nc3 Nbd7 6. Bd3 dxc4 7. Bxc4 b5 8. Bb3 a6 9. 0-0 c5 10. Re1 c4 11. Bc2 b4 12. Ne2 Bb7 13. Ng3 Bxf3 14. Qxf3 Nb6 15. Qc6+ Nfd7 16. b3 c3 17. Nh5 Qg5 18. Nf4 Qb5 19. Be4 Qxc6 20. Bxc6 Rb8 21. Nd3 Bd6 22. f4 f5 23. Bf3 0-0 24. e4 a5 25. e5 Bc7 26. a3 1-0

[Event "IECC KO email"]
[Site "IECC email"]
[Date "2000.11.01"]
[Round "?"]
[White "Thetford, Curtis"]
[Black "Pedersen, Morten P"]
[Result "0-1"]
[WhiteElo "1270"]
[BlackElo "1401"]
[PlyCount "96"]
[EventDate "2000.??.??"]
[EventType "tourn (corr)"]
[EventRounds "6"]
[SourceTitle "Corr 2008"]
[Source "ChessBase"]
[SourceDate "2008.06.24"]
[SourceVersion "1"]
[SourceVersionDate "2008.06.24"]
[SourceQuality "1"]

1. d4 d5 2. Nf3 Nc6 3. Bg5 f6 4. Bh4 Bg4 5. Nbd2 e6 6. e3 Nge7 7. Bg3 Nf5 8. Be2 Nxg3 9. hxg3 Bd6 10. a3 Qd7 11. c4 dxc4 12. Qc2 0-0-0 13. Nxc4 Kb8 14. 0-0-0 h6 15. Nfe5 Nxe5 16. dxe5 Bxe2 17. Qxe2 fxe5 18. Rh5 Qc6 19. Kb1 Qb5 20. Qg4 g6 21. Rhh1 Qe8 22. Rc1 Qf7 23. Rhf1 Qf5+ 24. Qxf5 exf5 25. Rfd1 h5 26. Rd5 e4 27. Rcd1 Be7 28. Ne5 Rxd5 29. Rxd5 Rg8 30. Kc2 Kc8 31. b4 Bd6 32. Kc3 Bxe5+ 33. Rxe5 Rd8 34. f4 Rd3+ 35. Kc4 Rxe3 36. Re7 Rxg3 37. Kd5 b6 38. Kc6 Rc3+ 39. Kd5 Kb7 40. Ke5 Rxa3 41. Kf6 Rg3 42. Re6 Rxg2 43. Re7 Rg3 44. Rd7 h4 45. Rd2 h3 46. Rh2 b5 47. Kf7 Kb6 48. Kf6 c5 0-1